Těstoviny - Statistics

General Stats
  • This quiz has been taken 263 times
  • The average score is 11 of 15
Answer Stats
Question Answer % Correct
Špagety
95%
Lasagne
95%
Penne
93%
Noky
93%
Fusilli
79%
Rýžové nudle
79%
Tortellini
78%
Tarhoňa
77%
Fettuccine
64%
Pappardelle
64%
Orzo
63%
Makaróny
60%
Radiatori
59%
Passetelli
44%
Bigoli
9%
No matching quizzes found
Score Distribution
Percent of People with Each Score
Percentile by Number Answered
Your Score History
You have not taken this quiz